Podnikanie vo franchisingovom reťazci.

Podstata franchisingu a jeho význam v podnikaní. Franchising ako metóda spolupráce medzi poskytovateľom a jeho prijímateľom. Know-how a franchising. Partneri vo franchisingovom reťazci (poskytovateľ a prijímatelia). Obsah franchisingového balíka. Formy a rozvoj franchisingu. Výhody a nevýhody. Finan...

Descripción completa

Guardado en:
Detalles Bibliográficos
Autor principal: Štensová, Antónia
Formato: Capítulo de libro
Lenguaje:eslovaco
Materias:
Etiquetas: Agregar Etiqueta
Sin Etiquetas, Sea el primero en etiquetar este registro!

MARC

LEADER 00000naa a2200000 4500
001 r012634
005 20220826091856.7
041 0 |a slo 
044 |a SK 
245 1 0 |a Podnikanie vo franchisingovom reťazci.  |c Antónia Štensová 
520 |a Podstata franchisingu a jeho význam v podnikaní. Franchising ako metóda spolupráce medzi poskytovateľom a jeho prijímateľom. Know-how a franchising. Partneri vo franchisingovom reťazci (poskytovateľ a prijímatelia). Obsah franchisingového balíka. Formy a rozvoj franchisingu. Výhody a nevýhody. Finančné aspekty vo franchisingovom reťazci. Franchisingové firmy vo svete. 
610 2 0 |a podnikanie 
610 2 0 |a franchising 
610 2 0 |a firmy 
610 2 0 |a know-how 
610 2 0 |a Európa 
610 2 0 |a svet 
100 1 |a Štensová, Antónia